000 00478 a2200169 4500
003 OSt
005 20230916141456.0
008 230916b |||||||| |||| 00| 0 eng d
020 _a9788172344504
040 _coclc
082 _a823.7
_bAUS/P
100 _aAusten, Jane
_95436
245 _aPride and prejudice /
_cJane Austen
260 _aNew Delhi:
_bFingerprint Classics,
_c2023.
300 _a407 p
942 _2ddc
_cBK
_h823.7
_iAUS/P
_k823.7
_mAUS/P
999 _c42201
_d42201